000 00235nam a2200097Ia 4500
005 20251222114357.0
008 251222s1900||||xx |||||||||||||| ||spa||
082 _aDVD0080 R34/1965/Ej.2
245 0 _aLa agonía y el éxtasis.
942 _cDVD
999 _c1494
_d1494